Statistics for Ex-Soviet Union Countries

Click here to take the quiz!

General Stats

  • This quiz has been taken 342 times
  • The average score is 11 of 14

Answer Stats

HintAnswer% Correct
Ukraine
94%
Estonia
88%
Latvia
88%
Lithuania
86%
Uzbekistan
80%
Russia
79%
Armenia
78%
Turkmenistan
77%
Georgia
76%
Kazakhstan
76%
Tajikistan
75%
Azerbaijan
73%
Moldova
68%
Kyrgyzstan
65%

Score Distribution

Percentile by Number Answered

Percent of People with Each Score

Your Score History

You have not taken this quiz